• AIU
  • Tony Wilmot Memorial Library

Purple hibiscus (Record no. 65632)

MARC details
000 -LEADER
fixed length control field 00842nam a22002657a 4500
003 - CONTROL NUMBER IDENTIFIER
control field OSt
005 - DATE AND TIME OF LATEST TRANSACTION
control field 20181106144324.0
008 - FIXED-LENGTH DATA ELEMENTS--GENERAL INFORMATION
fixed length control field 181106b ||||| |||| 00| 0 eng d
020 ## - INTERNATIONAL STANDARD BOOK NUMBER
International Standard Book Number 9780007189885
040 ## - CATALOGING SOURCE
Original cataloging agency DLC
Transcribing agency DLC
Modifying agency DLC
050 ## - LIBRARY OF CONGRESS CALL NUMBER
Classification number PR 9387.9.A35
Item number P87 2004
100 ## - MAIN ENTRY--PERSONAL NAME
9 (RLIN) 15871
Personal name Adichie, Chimamanda Ngozi,
Dates associated with a name 1977-
245 ## - TITLE STATEMENT
Title Purple hibiscus
Statement of responsibility, etc Chamamanda Ngozi Adichie.
260 ## - PUBLICATION, DISTRIBUTION, ETC. (IMPRINT)
Place of publication, distribution, etc London :
Name of publisher, distributor, etc Fourth Estate,
Date of publication, distribution, etc c2004.
300 ## - PHYSICAL DESCRIPTION
Extent 307 p.;
500 ## - GENERAL NOTE
General note [Africana]
650 ## - SUBJECT ADDED ENTRY--TOPICAL TERM
Topical term or geographic name as entry element Teenage girls
Form subdivision Fiction.
9 (RLIN) 47748
650 ## - SUBJECT ADDED ENTRY--TOPICAL TERM
Topical term or geographic name as entry element Fathers and daughters
Form subdivision Fiction.
9 (RLIN) 47749
650 ## - SUBJECT ADDED ENTRY--TOPICAL TERM
Topical term or geographic name as entry element Religious fanaticism
Form subdivision Fiction.
9 (RLIN) 47750
650 ## - SUBJECT ADDED ENTRY--TOPICAL TERM
Topical term or geographic name as entry element Children of the rich
Form subdivision Fiction.
9 (RLIN) 47751
650 ## - SUBJECT ADDED ENTRY--TOPICAL TERM
Topical term or geographic name as entry element Brothers and sisters
Form subdivision Fiction.
9 (RLIN) 47752
650 ## - SUBJECT ADDED ENTRY--TOPICAL TERM
Topical term or geographic name as entry element Aunts
Form subdivision Fiction.
9 (RLIN) 47753
651 ## - SUBJECT ADDED ENTRY--GEOGRAPHIC NAME
Geographic name Nigeria
Form subdivision Fiction.
9 (RLIN) 47754
942 ## - ADDED ENTRY ELEMENTS (KOHA)
Source of classification or shelving scheme Library of Congress Classification
Koha item type Africana collection (General)
Holdings
Withdrawn status Lost status Source of classification or shelving scheme Damaged status Not for loan Collection code Home library Current library Shelving location Date acquired Source of acquisition Cost, normal purchase price Total Checkouts Total Renewals Full call number Barcode Date last seen Date checked out Copy number Price effective from Koha item type
    Library of Congress Classification     Fiction AIU/NEGST - Tony Wilmot Memorial Library AIU/NEGST - Tony Wilmot Memorial Library General Stacks 11/06/2018 Purchase - Textbook Centre 11.50 8 2 FIC PR 9387.9.A35P87 2004 T15060W3232 10/27/2023 04/24/2023 1 11/06/2018 Books
    Library of Congress Classification     Fiction AIU/NEGST - Tony Wilmot Memorial Library AIU/NEGST - Tony Wilmot Memorial Library General Stacks 11/06/2018 Purchase - Textbook Centre 11.50 10 1 FIC PR 9387.9.A35P87 2004 T15061W3232 11/05/2025 11/04/2025 2 11/06/2018 Books